Entreprise Française - Mort Subite - Statistiques

Statistiques générales
  • Ce quiz a été pris 1 187 fois
    1 162 depuis la dernière actualisation
  • Le résultat moyen est 5 sur 14
Answers on the Grid
Answers color-coded by a green-red scale on the quiz's grid according to % correct below.
Bosch
Total
Sodexo
McDonald's
Lidl
Jetpunk
Allianz
LVMH
Prada
Winamax
Haribo
Canal
Bic
Intersport
Bioderma
Lacoste
Puma
Citroen
Lego
Samsung
Boiron
Netflix
Wiko
Evian
Disney
Zara
Lactel
Instagram
Oasis
Pokemon
 
Statistiques - réponses
Réponse % Correct
Total
80%
LVMH
64%
Canal
42%
Evian
41%
Lacoste
39%
Citroen
35%
Sodexo
33%
Bic
31%
Lactel
24%
Boiron
17%
Winamax
16%
Oasis
13%
Bioderma
9%
Wiko
8%
Aucun quiz correspondant
Distribution des résultats
% des personnes avec chaque résultat
Percentile par nombre de réponses
Votre historique - résultats
Vous n’avez pas pris ce quiz depuis la dernière actualisation